Central Library OPAC University of Rajshahi

Sir Robert Peel / (Record no. 24683)

MARC details
000 -LEADER
fixed length control field 00780cam a22002651 4500
001 - CONTROL NUMBER
control field 24683
003 - CONTROL NUMBER IDENTIFIER
rucl marc code BD-RjUL
005 - DATE AND TIME OF LATEST TRANSACTION
control field 20211209001102.0
008 - FIXED-LENGTH DATA ELEMENTS--GENERAL INFORMATION
fixed length control field 140315s1928 xx ac 001 0 eng
035 ## - SYSTEM CONTROL NUMBER
System control number (BD-RjUL)24752
System control number (OCoLC)1460002
040 ## - CATALOGING SOURCE
Original cataloging agency DLC
Transcribing agency OCU
Modifying agency DLC
-- BD-RjUL
Language of cataloging eng
041 ## - LANGUAGE CODE
Language code of text/sound track or separate title eng
082 ## - DEWEY DECIMAL CLASSIFICATION NUMBER
Classification number 942.0750924
Author mark and year RAS
100 1# - MAIN ENTRY--PERSONAL NAME
Personal name Ramsay, A. A. W.
Fuller form of name (Anna Augusta Whittall),
Dates associated with a name 1894-
9 (RLIN) 75979
245 00 - TITLE STATEMENT
Title Sir Robert Peel /
Statement of responsibility, etc. by A. A. W. Ramsay.
260 ## - PUBLICATION, DISTRIBUTION, ETC. (IMPRINT)
Place of publication, distribution, etc. London :
Name of publisher, distributor, etc. Constable,
Date of publication, distribution, etc. 1928.
300 ## - PHYSICAL DESCRIPTION
Pagination xi, 385 p. :
Illustrations illus., port. ;
Size 23 cm.
490 0# - SERIES STATEMENT
Series statement Makers of the nineteenth century
504 ## - BIBLIOGRAPHY, ETC. NOTE
Bibliography, etc Bibliography: p. 378-380.
600 10 - SUBJECT ADDED ENTRY--PERSONAL NAME
Personal name Peel, Robert,
Dates associated with a name 1788-1850.
942 ## - ADDED ENTRY ELEMENTS (KOHA)
Source of classification or shelving scheme Dewey Decimal Classification
Koha item type Books
Holdings
Lost status Source of classification or shelving scheme Damaged status Not for loan Collection code Permanent Location Current Location Shelving location Date acquired Source of acquisition Cost, normal purchase price Total Checkouts Full call number Date last seen Copy number Koha item type
  Dewey Decimal Classification   Added to bundle Non-fiction Central Library, University of Rajshahi Central Library, University of Rajshahi Reading Room 29/09/1955 B.H. black well 14.00   942.0750924 RAS 1928 15/03/2014 C-1 Books